LEADER 00535nam##22001337##450# 001 9910551613303321 010 $a9788880638292 100 $a########d########u##y0engy50####ba 105 0 $a########00### 200 1 $aIl richiamo di Ravenna : la città e i suoi dintorni secondo i visitatori stranieri, 1800-1960 / Eraldo Baldini, Dante Bolognesi. 700 $aBaldini, Eraldo, 1952-.$0184274 912 $a9910551613303321 996 $aIl richiamo di Ravenna : la città e i suoi dintorni secondo i visitatori stranieri, 1800-1960$92799543 997 $aUNINA LEADER 01156nam0 22002651i 450 001 UON00094081 005 20231205102524.617 010 $a39-00-30522-6 100 $a20020107d1997 |0itac50 ba 101 $ager 102 $aAT 105 $a|||| 1|||| 200 1 $aˆDas ‰AUXILIARKASTELL Carnuntum 2$eforschungen seit 1989$fhrsg Manfred Kandler Wien$eOsterreichisches Archaologisches Institut, 1997 210 $a219 p.$a30 cm. + 7 cat. rip. 410 1$1001UON00087465$12001 $aSonderschriften des Osterreichisches Archaologisches Institut in Wien$v30 620 $aAT$dWien$3UONL003140 686 $aN3$cTOPOGRAFIA MEDITERRANEO OCCIDENTALE ED EUROPA CONTINENTALE$2A 702 1$aKANDLER$bManfred$3UONV060695 712 $aOsterreichisches Archaologisches Instut$3UONV259658$4650 801 $aIT$bSOL$c20240220$gRICA 899 $aSIBA - SISTEMA BIBLIOTECARIO DI ATENEO$2UONSI 912 $aUON00094081 950 $aSIBA - SISTEMA BIBLIOTECARIO DI ATENEO$dSI N 3 CARNUNTUM 002 $eSI MC 21276 5 996 $aAUXILIARKASTELL Carnuntum 2$91305161 997 $aUNIOR LEADER 01293nam0 22002891i 450 001 UON00021585 005 20231205102021.196 010 $a18-7557-834-X 100 $a20020107d1994 |0itac50 ba 101 $aeng 102 $aAU 105 $a|||| 1|||| 200 1 $aDeveloping Second Language from Primary School$eModels and Outcomes$fby Michael Clyne, Catherine Jenkins, et al 210 $aCanberra$cThe National Languages and Literacy Institute of Australia$d1994 ix$d232 p. ; 25 cm 606 $aLINGUISTICA$xGLOTTODIDATTICA$3UONC006672$2FI 620 $aAU$dCanberra$3UONL000069 686 $aIG II$cInteresse generale - Linguistica$2A 700 1$aCLYNE$bMichael$3UONV015066$0157147 702 1$aJENKINS$bCatherine$3UONV015067 712 02$aNational Languages and Literacy Institute of Australia$cCanberra$3UONV015068 712 $aNational Languages and Literacy Institut$3UONV249376$4650 801 $aIT$bSOL$c20250620$gRICA 899 $aSIBA - SISTEMA BIBLIOTECARIO DI ATENEO$2UONSI 912 $aUON00021585 950 $aSIBA - SISTEMA BIBLIOTECARIO DI ATENEO$dSI IG II 303 $eSI SA 81323 5 303 996 $aDeveloping Second Language from Primary School$91196506 997 $aUNIOR